000 00427nam a2200109Ia 4500
008 160909s9999 xx 000 0 und d
100 _aJimenez, Eduardo L.
245 _aPadres pueden: Encouraging greater involvement of Latino fathers with their special needs children a grant proposal
260 _bCalifornia State University
_c2016
650 _aEDUC/SPED
856 _uhttp://pqdtopen.proquest.com/doc/1780636670.html?FMT=ABS
999 _c305025
_d305025